| 000 | 003370000a22001450004500 | ||
|---|---|---|---|
| 003 | MACL | ||
| 040 | _aMACL | ||
| 090 |
_c4038 _d4037 |
||
| 100 | _aSingh, S. Nihal | ||
| 245 |
_aYour Slip Is Showing _bIndian Press Today |
||
| 260 |
_bUbs Publishers Distributors Ltd. _c1992 |
||
| 350 | _a125 | ||
| 650 | _aNews & Media | ||
| 942 |
_cBOOK _k070 |
||
| 999 |
_c4004 _d4004 |
||